000 00315nam a22001337a 4500
008 181107b xxu||||| |||| 00| 0 eng d
020 _a9780393703030
041 _aeng
080 _a159.9
100 _a49
101 _aPSI
245 _aBreakthroughs in Antipsychotic Medications
_cWeiden, P,J
942 _2udc
_cBK
999 _c52141
_d52141